000 015600000a22003490004500
003 EG-GICUC
005 20250223025110.0
008 071225s2007 ua a f m 000 0 eng d
040 _aEG-GICUC
_beng
_cEG-GICUC
041 0 _aEng
049 _aDeposite
097 _aM.Sc
099 _aCai01.11.14.M.Sc.2007.Ma.L
100 0 _aMaher Hasan Ibraheem
245 1 0 _aLaparoscopic ultrasound guided radiofrequency ablation of hepatic malignancies /
_cMaher Hasan Ibraheem ; Supervised Waheed Yousry Gareer , Mostafa Abdelrahman Elshazly , Wael Lotfy Tobar
246 1 5 _aعلاج اورام الكبد الخبيثة باستخدام التردد الحرارى عن طريق المنظار الجراحى بالاستعانة بالموجات فوق الصوتية
260 _aCairo :
_bMaher Hasan Ibraheem ,
_c2007
300 _a97P. :
_bill. ;
_c25cm
502 _aThesis (M.Sc.) - Cairo University - Faculty Of Medicine - Department Of General Surgery
520 _aHepatocellular carcinoma HCC is one of the most common solid cancers in the world with an annual incidence estimated to be at least one million new patients
530 _aIssued also as CD
653 4 _aLaparoscopic
653 4 _aRadiofrequency ablation
653 4 _aUltrasound guided
700 0 _aMostafa Abdelrahman Elshazly ,
_eSupervisor
700 0 _aWael Lotfy Tobar ,
_eSupervisor
700 0 _aWaheed Yousry Gareer ,
_eSupervisor
856 _uhttp://172.23.153.220/th.pdf
905 _aEnas
_eCataloger
905 _aMustafa
_eRevisor
942 _2ddc
_cTH
999 _c5612
_d5612